Impact of rubber plantation on the earthworm communities of West Tripura (India) (Record no. 74615)

MARC details
000 -LEADER
fixed length control field 00540nam a2200157Ia 4500
100 ## - MAIN ENTRY--AUTHOR NAME
Personal name Subhalasmi Bhattacharjee
245 #0 - TITLE STATEMENT
Title Impact of rubber plantation on the earthworm communities of West Tripura (India)
260 ## - PUBLICATION, DISTRIBUTION, ETC. (IMPRINT)
Name of publisher Tripura University
Year of publication 2013
300 ## - PHYSICAL DESCRIPTION
Number of Pages 165
500 ## - GENERAL NOTE
General note Course: PhD
500 ## - GENERAL NOTE
General note Received from Dr. James Jacob, Former Director
700 ## - ADDED ENTRY--PERSONAL NAME
Personal name Dr Priyasankar Chaudhuri
850 ## - HOLDING INSTITUTION
Holding institution Tripura University Earthworm Research Laboratary, Dept of Zoology
942 ## - ADDED ENTRY ELEMENTS (KOHA)
Koha item type Theses
Holdings
Withdrawn status Lost status Damaged status Not for loan Collection code Home library Current library Shelving location Date acquired Koha item type
      Theses Thesis RRII Library RRII Library Zoology 31/12/2021 Theses